000 00571cam a2200193 4500500
005 20260405002648.0
041 _afre
042 _adc
100 1 0 _aGuillot, Apolline
_eauthor
245 0 0 _aLes travailleurs de la chair
260 _c2018.
500 _a48
690 _aAlimentation
690 _aAnthropologie
690 _aVégétarisme
690 _aViande
786 0 _nPhilosophie magazine | 117 | 3 | 2018-03-01 | p. 24-26 | 1951-1787
856 4 1 _uhttps://shs.cairn.info/magazine-philosophie-magazine-2018-3-page-24?lang=fr&redirect-ssocas=7080
999 _c2059823
_d2059823